| 000 | 00781nam a2200229 u 4500 | ||
|---|---|---|---|
| 005 | 20240924071555.0 | ||
| 008 | 150602s2003 es r 000 0 spa d | ||
| 020 | _a8497422260 | ||
| 035 | _aUPN01000203972 | ||
| 049 | _aCG | ||
| 050 | 4 |
_aLC4015 _bB3.7 |
|
| 245 | 0 | 0 |
_aBases pedagógicas de la educación especial : _bmanual para la formación inicial del profesorado / _ccoord. Rufino Cano González. |
| 260 |
_aMadrid : _bBiblioteca Nueva, _c2003. |
||
| 300 |
_a387 p. : _btablas |
||
| 440 | 0 |
_aBiblioteca nueva universidad. _pManuales y obras de referencia |
|
| 650 | 4 |
_aEducación especial _93029 |
|
| 650 | 4 |
_aPsicopedagogía _95085 |
|
| 650 | 4 |
_aMaestros _xFormación profesional _9804 |
|
| 700 | 1 |
_aCano González, Rufino, _ecoord. |
|
| 905 | _aLibro | ||
| 999 |
_c176073 _d176073 |
||